000 00727cam a2200229 i 4500
001 19180184
005 20180222040529.0
008 160718s2017 iluab e 001 0 eng
010 _a 2016032992
020 _a9780716601173
040 _aDLC
_beng
_erda
_cDLC
_dDLC
041 _aeng
042 _apcc
080 _a031 wil
082 0 0 _a031 wil
_223
100 _a24
101 _aenc
245 0 4 _aThe World Book Encyclopedia.
906 _a7
_bcbc
_corignew
_d1
_eecip
_f20
_gy-gencatlg
942 _2ddc
_cBK
999 _c43135
_d43135